Skyrim Skills - Statistics

General Stats
  • This quiz has been taken 80 times
  • The average score is 15 of 18
Answer Stats
Hint Answer % Correct
COMBAT Archery
96%
Destruction
95%
Sneak
95%
Two Handed
95%
One Handed
93%
Heavy Armor
91%
Light Armor
91%
Lockpicking
91%
STEALTH Alchemy
84%
Illusion
84%
Pickpocket
84%
Restoration
84%
Conjuration
80%
Enchanting
80%
Block
78%
Smithing
76%
Speech
76%
MAGIC Alteration
75%
No matching quizzes found
Score Distribution
Percent of People with Each Score
Percentile by Number Answered
Your Score History
You have not taken this quiz